[Event "San Sebastian op 43rd"]
[Site "San Sebastian"]
[Date "2023.04.03"]
[Round "4"]
[White "Andias, Joao Pedro Menezes"]
[Black "Argandona Riveiro, Inigo"]
[Result "1/2-1/2"]
[WhiteElo "2068"]
[BlackElo "2355"]
[PlyCount "57"]
[EventDate "2023.04.01"]
[EventType "swiss"]
[EventRounds "9"]
[EventCountry "ESP"]
[SourceTitle "CBM 213 Extra"]
[Source "ChessBase"]
[SourceDate "2023.05.31"]
[SourceVersion "1"]
[SourceVersionDate "2023.05.31"]
[SourceQuality "1"]

1. e4 e5 2. Nf3 Nc6 3. Nc3 Nf6 4. d4 exd4 5. Nxd4 Bb4 6. Nxc6 bxc6 7. Bd3 0-0 8. 0-0 d5 9. exd5 cxd5 10. Bg5 c6 11. Qf3 Bd6 12. h3 Be5 13. Rae1 Qd6 14. Na4 h6 15. Be3 d4 16. Bd2 Bd7 17. b4 Be6 18. a3 Bd5 19. Qd1 Bh2+ 20. Kh1 Bf4 21. Nc5 Bxd2 22. Qxd2 a5 23. Kg1 axb4 24. axb4 Rab8 25. Ra1 Nd7 26. Nxd7 Qxd7 27. Rfb1 Qd6 28. c4 dxc3 29. Qxc3 1/2-1/2

[Event "Pontevedra op-A 10th"]
[Site "Pontevedra"]
[Date "2022.07.25"]
[Round "3"]
[White "Andias, Joao Pedro Menezes"]
[Black "Macqueron, Gregory"]
[Result "1-0"]
[WhiteElo "2045"]
[BlackElo "1936"]
[PlyCount "107"]
[EventDate "2022.07.24"]
[EventType "swiss"]
[EventRounds "9"]
[EventCountry "ESP"]
[SourceTitle "EXT 2023"]
[Source "ChessBase"]
[SourceDate "2022.10.05"]
[SourceVersion "1"]
[SourceVersionDate "2022.10.05"]
[SourceQuality "1"]

1. e4 e6 2. Qe2 c5 3. Nf3 Nc6 4. g3 g6 5. Bg2 Bg7 6. 0-0 Nge7 7. d3 0-0 8. c3 e5 9. a3 d6 10. b4 h6 11. Nbd2 Be6 12. Rb1 Qd7 13. Rd1 f5 14. Nb3 b6 15. b5 Na5 16. Nxa5 bxa5 17. c4 g5 18. exf5 Nxf5 19. Bb2 Rad8 20. Bc3 Rf7 21. Bxa5 g4 22. Nd2 Nd4 23. Qe3 Rdf8 24. Ne4 Rf3 25. Qe1 Bf5 26. Rb2 Bxe4 27. Qxe4 Qf7 28. Qxg4 e4 29. Qxe4 Rf5 30. Bc3 Re5 31. Qg4 h5 32. Bxd4 Qe7 33. Bd5+ Kh8 34. Qg6 Rf6 35. Qxf6 Qxf6 36. Bxe5 Qxe5 37. Rbb1 Qc3 38. Re1 Bd4 39. Re8+ Kg7 40. Rbe1 Be5 41. Re2 h4 42. Rg8+ Kh7 43. Re4 Bf6 44. Kg2 Qxd3 45. Rf4 Qc3 46. Rf8 Bg5 47. R4f7+ Kh6 48. Rxa7 Qe1 49. Rff7 h3+ 50. Kxh3 Qf1+ 51. Kg4 Qe2+ 52. Rf3 Qe8 53. Kh3 Qe2 54. Kg2 1-0

[Event "Pontevedra op 7th"]
[Site "Pontevedra"]
[Date "2019.08.10"]
[Round "3"]
[White "Estremera Panos, Sergio"]
[Black "Andias, Joao Pedro Menezes"]
[Result "1-0"]
[WhiteElo "2307"]
[BlackElo "2059"]
[PlyCount "79"]
[EventDate "2019.08.08"]
[EventType "swiss"]
[EventRounds "9"]
[EventCountry "ESP"]
[SourceTitle "EXT 2020"]
[Source "ChessBase"]
[SourceDate "2019.10.17"]
[SourceVersion "1"]
[SourceVersionDate "2019.10.17"]
[SourceQuality "1"]

1. d4 Nf6 2. c4 e6 3. Nc3 Bb4 4. e3 b6 5. f3 c5 6. d5 d6 7. e4 0-0 8. Nge2 exd5 9. cxd5 Nh5 10. g4 Qh4+ 11. Kd2 Nf6 12. Qe1 Qxe1+ 13. Kxe1 Nbd7 14. a3 Ba5 15. Ng3 Ne5 16. Kf2 a6 17. g5 Ne8 18. f4 Ng6 19. h4 f6 20. Nge2 b5 21. Kg3 f5 22. h5 Ne7 23. e5 Bb7 24. Bg2 Bxc3 25. bxc3 dxe5 26. fxe5 Bxd5 27. Bxd5+ Nxd5 28. Rd1 Nec7 29. a4 Rfd8 30. axb5 axb5 31. Bf4 Rxa1 32. Rxa1 Nxc3 33. Nxc3 Rd3+ 34. Kf2 Rxc3 35. Ra7 Ne6 36. g6 hxg6 37. hxg6 Rd3 38. Bg5 Nf8 39. Ra8 Rd7 40. e6 1-0

[Event "Lisbon Portugal op"]
[Site "Lisbon"]
[Date "2019.02.08"]
[Round "8"]
[White "Real, Thibault"]
[Black "Andias, Joao Pedro Menezes"]
[Result "0-1"]
[WhiteElo "2211"]
[BlackElo "2039"]
[PlyCount "80"]
[EventDate "2019.02.02"]
[EventType "swiss"]
[EventRounds "9"]
[EventCountry "POR"]
[SourceTitle "CBM 188 Extra"]
[Source "ChessBase"]
[SourceDate "2019.02.26"]
[SourceVersion "1"]
[SourceVersionDate "2019.02.26"]
[SourceQuality "1"]

1. d4 Nf6 2. Bf4 d6 3. Nc3 Bf5 4. f3 e6 5. e4 Bg6 6. Qd2 a6 7. 0-0-0 d5 8. Bg5 Be7 9. e5 Nfd7 10. Bxe7 Qxe7 11. f4 h5 12. Nf3 c5 13. Bd3 Bxd3 14. cxd3 cxd4 15. Ne2 Nc6 16. Kb1 0-0-0 17. Nfxd4 Nxd4 18. Nxd4 g6 19. Rc1+ Kb8 20. Rc6 Rc8 21. Rd6 Rc7 22. b4 Nf6 23. b5 Ne8 24. Qb4 Ka8 25. bxa6 Nxd6 26. exd6 Qf8 27. Qb6 Rd7 28. Nb5 Qb8 29. Nc7+ Rxc7 30. dxc7 Qa7 31. Qd6 Rc8 32. Rc1 Qxa6 33. Qb4 Qxd3+ 34. Kb2 Qe3 35. Rc5 Qe2+ 36. Ka3 Qd3+ 37. Ka4 Qd1+ 38. Ka5 Qe2 39. Ka4 Qxa2+ 40. Kb5 Qa6# 0-1

[Event "Pontevedra op-A 6th"]
[Site "Pontevedra"]
[Date "2018.08.10"]
[Round "3"]
[White "Andias, Joao Pedro Menezes"]
[Black "Forgas Moreno, Yaniela"]
[Result "1-0"]
[WhiteElo "2036"]
[BlackElo "2299"]
[PlyCount "73"]
[EventDate "2018.08.08"]
[EventType "swiss"]
[EventRounds "9"]
[EventCountry "ESP"]
[SourceTitle "EXT 2021"]
[Source "ChessBase"]
[SourceDate "2020.10.23"]
[SourceVersion "1"]
[SourceVersionDate "2020.10.23"]
[SourceQuality "1"]

1. e4 c5 2. Nf3 d6 3. Bb5+ Nd7 4. d4 cxd4 5. Qxd4 a6 6. Bxd7+ Bxd7 7. c4 Nf6 8. Nc3 g6 9. 0-0 Bg7 10. h3 0-0 11. Qd3 Rc8 12. Bd2 Bc6 13. Rac1 a5 14. Nd4 Nd7 15. Nxc6 bxc6 16. b3 Nc5 17. Qe2 Ne6 18. Be3 Qc7 19. c5 Nxc5 20. Bxc5 dxc5 21. Na4 Bd4 22. Rc4 e5 23. Nxc5 Qd6 24. Nb7 Qc7 25. Nc5 Qa7 26. Rfc1 Kh8 27. Kh1 Qe7 28. Nd3 c5 29. Qc2 f5 30. Nxc5 f4 31. Ne6 Rxc4 32. Qxc4 f3 33. Nxf8 fxg2+ 34. Kg1 Qf6 35. Rc2 Qf3 36. Ne6 Qxh3 37. Qc8# 1-0

[Event "Pontevedra op-A 6th"]
[Site "Pontevedra"]
[Date "2018.08.10"]
[Round "4"]
[White "Nayhebaver, Martin"]
[Black "Andias, Joao Pedro Menezes"]
[Result "1-0"]
[WhiteElo "2453"]
[BlackElo "2036"]
[PlyCount "63"]
[EventDate "2018.08.08"]
[EventType "swiss"]
[EventRounds "9"]
[EventCountry "ESP"]
[SourceTitle "EXT 2021"]
[Source "ChessBase"]
[SourceDate "2020.10.23"]
[SourceVersion "1"]
[SourceVersionDate "2020.10.23"]
[SourceQuality "1"]

1. e4 c5 2. Nf3 e6 3. d4 cxd4 4. Nxd4 Nf6 5. Nc3 d6 6. g4 h6 7. Rg1 Nc6 8. Be3 a6 9. h4 Nxd4 10. Qxd4 e5 11. Qd1 Be6 12. g5 hxg5 13. hxg5 Nd7 14. Qf3 Qa5 15. Bd2 Qc7 16. g6 f6 17. Rh1 Bg4 18. Qg2 Rxh1 19. Qxh1 Qb6 20. Bh3 Bxh3 21. Qxh3 Qxb2 22. Rb1 Qxc2 23. Rc1 Qb2 24. Nd5 Kd8 25. Qe6 Qd4 26. Qf7 Qxe4+ 27. Be3 Rb8 28. Kd2 Qa4 29. Bb6+ Nxb6 30. Qc7+ Ke8 31. Qxb8+ Kd7 32. Nxb6+ 1-0

[Event "Guimaraes op"]
[Site "Guimaraes"]
[Date "2017.09.05"]
[Round "6"]
[White "Andias, Joao Pedro Menezes"]
[Black "Barrento, Jorge Maria Lopes"]
[Result "1-0"]
[WhiteElo "1998"]
[BlackElo "1663"]
[PlyCount "71"]
[EventDate "2017.09.02"]
[EventType "swiss"]
[EventRounds "7"]
[EventCountry "POR"]
[SourceTitle "CBM 180 Extra"]
[Source "ChessBase"]
[SourceDate "2017.10.06"]
[SourceVersion "1"]
[SourceVersionDate "2017.10.06"]
[SourceQuality "1"]

1. e4 Nf6 2. Nc3 d5 3. exd5 Nxd5 4. Nxd5 Qxd5 5. Nf3 Bg4 6. Be2 Bxf3 7. Bxf3 Qe5+ 8. Qe2 Qxe2+ 9. Kxe2 c6 10. d4 e6 11. Bf4 Nd7 12. a4 Be7 13. Rhd1 0-0 14. a5 a6 15. Rd3 Nf6 16. Rb3 Ra7 17. c4 Rc8 18. Ra2 h6 19. Be3 c5 20. Rxb7 Rxb7 21. Bxb7 Rc7 22. Bxa6 Ng4 23. Bb5 Nxe3 24. fxe3 Bd6 25. a6 Ra7 26. h3 cxd4 27. exd4 e5 28. dxe5 Bxe5 29. Bc6 Re7 30. Kd3 Bb8 31. b4 Ba7 32. Re2 Rxe2 33. Kxe2 Kf8 34. Kd3 Ke7 35. c5 f5 36. Kc4 1-0

[Event "POR CupT 1/8f-1/4f"]
[Site "Madeira, Torres Novas"]
[Date "2015.06.22"]
[Round "3.6"]
[White "Ribeiro, Bruno Alexandre Rom"]
[Black "Andias, Joao Pedro Menezes"]
[Result "1/2-1/2"]
[WhiteElo "2174"]
[BlackElo "1969"]
[PlyCount "119"]
[EventDate "2015.05.23"]
[EventType "team-k.o."]
[EventRounds "6"]
[EventCountry "POR"]
[SourceTitle "EXT 2018"]
[Source "ChessBase"]
[SourceDate "2017.10.13"]
[SourceVersion "1"]
[SourceVersionDate "2017.10.13"]
[SourceQuality "1"]
[WhiteTeam "Mata de Benfica"]
[BlackTeam "Clube dos Galitos II"]
[WhiteTeamCountry "POR"]
[BlackTeamCountry "POR"]

1. e4 c5 2. c3 Nf6 3. e5 Nd5 4. d4 cxd4 5. cxd4 e6 6. Nf3 Qc7 7. Bd2 Nc6 8. Nc3 Nxc3 9. bxc3 d5 10. exd6 Bxd6 11. Bd3 h6 12. Qe2 Bd7 13. 0-0 0-0 14. Rfe1 Ne7 15. c4 Bc6 16. Ne5 Bxe5 17. dxe5 Rfd8 18. Rad1 Ba4 19. Rc1 Qd7 20. Rc3 Rac8 21. Ra3 a6 22. Ba5 Re8 23. Bb4 Bc6 24. Bb1 Nf5 25. Rd1 Qc7 26. Bd6 Qd8 27. Qg4 Qg5 28. Qh3 Rcd8 29. g3 Nxd6 30. exd6 Rxd6 31. Rxd6 Qc1+ 32. Qf1 Qxa3 33. Rd3 Qc5 34. Qd1 g6 35. Rd4 Qg5 36. h4 Qf6 37. h5 g5 38. Qd3 Bf3 39. Qh7+ Kf8 40. Rd7 Bxh5 41. g4 Bg6 42. Qxh6+ Qg7 43. Qxg7+ Kxg7 44. Bxg6 Kxg6 45. Rxb7 Rc8 46. Rb4 a5 47. Ra4 Rc5 48. f3 Kf6 49. Kf2 Ke5 50. Ke3 f5 51. Ra3 Rxc4 52. Rxa5+ Kf6 53. gxf5 exf5 54. Ra6+ Ke5 55. Ra5+ Kf6 56. a4 Rc3+ 57. Ke2 Ra3 58. Kf2 Ke6 59. Kg2 Kf6 60. Kf2 1/2-1/2

[Event "POR-chT Province"]
[Site "Luso"]
[Date "2014.07.20"]
[Round "1.1"]
[White "Andias, Joao Pedro Menezes"]
[Black "Cruz, Jorge Filipe Egas"]
[Result "1/2-1/2"]
[WhiteElo "1944"]
[BlackElo "1989"]
[PlyCount "29"]
[EventDate "2014.07.19"]
[EventType "team"]
[EventRounds "2"]
[EventCountry "POR"]
[SourceTitle "EXT 2015"]
[Source "ChessBase"]
[SourceDate "2014.11.20"]
[SourceVersion "1"]
[SourceVersionDate "2014.11.20"]
[SourceQuality "1"]
[WhiteTeam "Aveiro"]
[BlackTeam "Coimbra"]
[WhiteTeamCountry "POR"]
[BlackTeamCountry "POR"]

1. Nf3 Nf6 2. g3 d5 3. Bg2 e6 4. 0-0 Be7 5. d3 0-0 6. Nbd2 Nbd7 7. c4 c6 8. Qc2 Re8 9. a3 a5 10. b3 Ng4 11. h3 Bf6 12. Rb1 Nge5 13. Nxe5 Nxe5 14. Bb2 Nd7 15. Bxf6 1/2-1/2

[Event "POR-chT"]
[Site "Porto"]
[Date "2013.08.25"]
[Round "9.1"]
[White "Silva, Fernando"]
[Black "Andias, Joao Pedro Menezes"]
[Result "1/2-1/2"]
[WhiteElo "2309"]
[BlackElo "1970"]
[PlyCount "141"]
[EventDate "2013.08.18"]
[EventType "team-tourn"]
[EventRounds "9"]
[EventCountry "POR"]
[SourceTitle "CBM 156 Extra"]
[Source "ChessBase"]
[SourceDate "2013.10.22"]
[SourceVersion "1"]
[SourceVersionDate "2013.10.22"]
[SourceQuality "1"]
[WhiteTeam "TAP"]
[BlackTeam "Galitos"]
[WhiteTeamCountry "POR"]
[BlackTeamCountry "POR"]

1. d4 Nf6 2. Nf3 g6 3. Bf4 Bg7 4. e3 0-0 5. Be2 d6 6. c4 Nbd7 7. Nc3 c6 8. 0-0 Nh5 9. Bg5 Bf6 10. Bxf6 Nhxf6 11. b4 e5 12. b5 Qc7 13. Rc1 Re8 14. Qc2 Nf8 15. Rfd1 Bf5 16. Qb2 Bg4 17. h3 Bxf3 18. Bxf3 h5 19. Qa3 e4 20. Be2 N8h7 21. bxc6 bxc6 22. d5 c5 23. Nb5 Qe7 24. Qa6 Red8 25. Rb1 Ne8 26. Rb3 Rdb8 27. Rdb1 Rb6 28. Qa5 Rb7 29. Nc3 Rab8 30. Rxb7 Rxb7 31. Rxb7 Qxb7 32. Qd8 Nhf6 33. Nb5 Qb6 34. Qxb6 axb6 35. Bd1 Nd7 36. Ba4 Ne5 37. Nc3 Nf6 38. Bb5 Kf8 39. Kf1 Ke7 40. Ke2 Kd8 41. h4 Ke7 42. f4 exf3+ 43. gxf3 Kd8 44. e4 Kc7 45. Ke3 Kd8 46. Kf4 Nh7 47. Kg3 Nf6 48. f4 Ned7 49. Kf3 Ke7 50. Nd1 Ng4 51. Nb2 Nh6 52. Na4 f5 53. e5 dxe5 54. fxe5 Nxe5+ 55. Kf4 Nd3+ 56. Ke3 Nb4 57. Nxb6 Nxa2 58. Nc8+ Kd8 59. Nd6 Kc7 60. Ne8+ Kd8 61. Ng7 Ke7 62. Be8 Nb4 63. Bb5 Nf7 64. Ne6 Nd6 65. Nf4 Kf6 66. Kf3 Nc2 67. Ne6 Na3 68. Ba6 Naxc4 69. Bxc4 Nxc4 70. Nxc5 Ke5 71. Nd7+ 1/2-1/2

[Event "POR-chT"]
[Site "Porto"]
[Date "2013.08.22"]
[Round "6.1"]
[White "Andias, Joao Pedro Menezes"]
[Black "Vasques, Antonio Pedro Freix"]
[Result "0-1"]
[WhiteElo "1970"]
[BlackElo "2183"]
[PlyCount "66"]
[EventDate "2013.08.18"]
[EventType "team-tourn"]
[EventRounds "9"]
[EventCountry "POR"]
[SourceTitle "CBM 156 Extra"]
[Source "ChessBase"]
[SourceDate "2013.10.22"]
[SourceVersion "1"]
[SourceVersionDate "2013.10.22"]
[SourceQuality "1"]
[WhiteTeam "Galitos"]
[BlackTeam "Diana"]
[WhiteTeamCountry "POR"]
[BlackTeamCountry "POR"]

1. e4 c5 2. Nf3 Nc6 3. d4 cxd4 4. Nxd4 e5 5. Nb5 d6 6. N1c3 a6 7. Na3 b5 8. Nd5 Nge7 9. Be3 Nxd5 10. Qxd5 Qc7 11. Bxb5 axb5 12. Nxb5 Qb7 13. Nxd6+ Bxd6 14. Qxd6 Qb4+ 15. Qxb4 Nxb4 16. Kd2 Be6 17. a4 0-0 18. Bb6 Rfc8 19. c3 Rc6 20. a5 Rd6+ 21. Ke2 Bc4+ 22. Kf3 Rf6+ 23. Kg3 Rg6+ 24. Kf3 Rf6+ 25. Kg3 Nd3 26. Rab1 Nf4 27. b4 Ne2+ 28. Kh4 Rf4+ 29. g4 Be6 30. h3 Nxc3 31. Rbe1 f6 32. Re3 Nxe4 33. f3 g5+ 0-1

[Event "POR-chT"]
[Site "Porto"]
[Date "2013.08.20"]
[Round "4.1"]
[White "Andias, Joao Pedro Menezes"]
[Black "Cruz, Jorge Filipe Egas"]
[Result "1/2-1/2"]
[WhiteElo "1970"]
[BlackElo "2008"]
[PlyCount "114"]
[EventDate "2013.08.18"]
[EventType "team-tourn"]
[EventRounds "9"]
[EventCountry "POR"]
[SourceTitle "CBM 156 Extra"]
[Source "ChessBase"]
[SourceDate "2013.10.22"]
[SourceVersion "1"]
[SourceVersionDate "2013.10.22"]
[SourceQuality "1"]
[WhiteTeam "Galitos"]
[BlackTeam "Montemor o Velho"]
[WhiteTeamCountry "POR"]
[BlackTeamCountry "POR"]

1. e4 c5 2. Nc3 Nc6 3. g3 g6 4. Bg2 Bg7 5. d3 e6 6. f4 Nge7 7. Nf3 0-0 8. 0-0 Rb8 9. Be3 Nd4 10. e5 Nef5 11. Bf2 d6 12. Ne4 dxe5 13. Nxe5 f6 14. Nc4 b6 15. a4 Qc7 16. c3 Nc6 17. g4 Nfe7 18. Bg3 f5 19. Ned6 Rd8 20. Nb5 Qd7 21. Bh4 Qxd3 22. Qb3 Nd4 23. Nxd4 Rxd4 24. Rad1 Qxc4 25. Qxc4 Rxc4 26. Bxe7 Bb7 27. Rd7 Bxg2 28. Kxg2 Rxa4 29. gxf5 exf5 30. Bd8 Ra2 31. Rf2 a5 32. Re2 a4 33. Bc7 Rb7 34. Re8+ Bf8 35. Rxf8+ Kxf8 36. Bd6+ Kg8 37. Rxb7 a3 38. Kg3 Rxb2 39. Be5 b5 40. Rg7+ Kf8 41. Ra7 Rb3 42. Kh4 b4 43. Bd6+ Kg8 44. Bxc5 bxc3 45. Kg5 c2 46. Kf6 Rb8 47. Bxa3 Rb6+ 48. Kg5 Rc6 49. Bc1 Rc3 50. Ra3 Rc7 51. h4 Kg7 52. h5 h6+ 53. Kh4 g5+ 54. fxg5 Rc4+ 55. Kh3 hxg5 56. Bxg5 c1Q 57. Bxc1 Rxc1 1/2-1/2

[Event "POR-chT"]
[Site "Porto"]
[Date "2013.08.19"]
[Round "3.1"]
[White "Sousa, Nuno Miguel Vale"]
[Black "Andias, Joao Pedro Menezes"]
[Result "1/2-1/2"]
[WhiteElo "1960"]
[BlackElo "1970"]
[PlyCount "109"]
[EventDate "2013.08.18"]
[EventType "team-tourn"]
[EventRounds "9"]
[EventCountry "POR"]
[SourceTitle "CBM 156 Extra"]
[Source "ChessBase"]
[SourceDate "2013.10.22"]
[SourceVersion "1"]
[SourceVersionDate "2013.10.22"]
[SourceQuality "1"]
[WhiteTeam "Ferroviarios do Barreiro"]
[BlackTeam "Galitos"]
[WhiteTeamCountry "POR"]
[BlackTeamCountry "POR"]

1. e4 e6 2. d4 d5 3. Nc3 Nf6 4. Bg5 Bb4 5. exd5 Qxd5 6. Bxf6 gxf6 7. Qg4 Qg5 8. Qxg5 Bxc3+ 9. bxc3 fxg5 10. h4 g4 11. h5 Nd7 12. f3 Nf6 13. h6 b6 14. Rh4 Rg8 15. Be2 Bb7 16. fxg4 Bxg2 17. Kf2 Be4 18. Bf3 Bxf3 19. Kxf3 Rc8 20. Nh3 c5 21. g5 Nd5 22. c4 Nb4 23. c3 Nc6 24. d5 Ne5+ 25. Ke2 Ke7 26. Re4 Ng6 27. Rf1 Rcd8 28. Rf6 e5 29. Rf5 Rd6 30. Nf2 f6 31. Ng4 fxg5 32. Nxe5 Nxe5 33. Rexe5+ Kd8 34. Rf7 Rd7 35. Rxd7+ Kxd7 36. Kf3 Rg6 37. Kg4 Rxh6 38. Rxg5 Kd6 39. Rg7 Rg6+ 40. Rxg6+ hxg6 41. Kg5 b5 42. cxb5 Kxd5 43. a4 Kc4 44. Kxg6 Kxc3 45. a5 Kd2 46. b6 axb6 47. axb6 c4 48. b7 c3 49. b8Q c2 50. Qb2 Kd1 51. Qd4+ Kc1 52. Kf5 Kb1 53. Qb4+ Ka1 54. Qc3+ Kb1 55. Qxc2+ 1/2-1/2

[Event "POR-ch U18"]
[Site "Braga"]
[Date "2013.08.04"]
[Round "3.2"]
[White "Santos, Ines Sofia Oliveira"]
[Black "Andias, Joao Pedro Menezes"]
[Result "0-1"]
[WhiteElo "1756"]
[BlackElo "1970"]
[PlyCount "64"]
[EventDate "2013.08.02"]
[EventType "swiss"]
[EventRounds "7"]
[EventCountry "POR"]
[SourceTitle "EXT 2015"]
[Source "ChessBase"]
[SourceDate "2014.11.20"]
[SourceVersion "1"]
[SourceVersionDate "2014.11.20"]
[SourceQuality "1"]

1. e4 c5 2. Nf3 e6 3. d4 cxd4 4. Nxd4 Nf6 5. Bd3 d6 6. c4 Be7 7. Nc3 Nc6 8. Be3 Bd7 9. 0-0 0-0 10. Nxc6 Bxc6 11. f4 d5 12. e5 d4 13. exf6 Bxf6 14. Bxh7+ Kxh7 15. Qh5+ Kg8 16. Rad1 Qb6 17. Bf2 Qxb2 18. Rd3 g6 19. Qh6 Bg7 20. Qh4 Rfd8 21. Rh3 b6 22. f5 exf5 23. Rd1 Rd7 24. Nd5 Bxd5 25. cxd5 Rxd5 26. a3 d3 27. Be3 Qe2 28. Rd2 Qg4 29. Qh7+ Kf8 30. Rh4 f4 31. Bc5+ Rxc5 32. Rxg4 Bd4+ 0-1

[Event "POR-ch U18"]
[Site "Braga"]
[Date "2013.08.02"]
[Round "1.2"]
[White "Ferreira, Beatriz Oliveira"]
[Black "Andias, Joao Pedro Menezes"]
[Result "0-1"]
[WhiteElo "1542"]
[BlackElo "1970"]
[PlyCount "52"]
[EventDate "2013.08.02"]
[EventType "swiss"]
[EventRounds "7"]
[EventCountry "POR"]
[SourceTitle "EXT 2015"]
[Source "ChessBase"]
[SourceDate "2014.11.20"]
[SourceVersion "1"]
[SourceVersionDate "2014.11.20"]
[SourceQuality "1"]

1. e4 c5 2. Nc3 Nc6 3. g3 g6 4. Bg2 Bg7 5. d3 h5 6. h4 d6 7. Nge2 Bg4 8. Be3 Nd4 9. 0-0 Nf3+ 10. Bxf3 Bxf3 11. d4 Qd7 12. Kh2 c4 13. Qd2 Nf6 14. d5 Ng4+ 15. Kg1 Ne5 16. Kh2 Bxe4 17. Qc1 Nf3+ 18. Kg2 Nxh4+ 19. Kh2 Nf3+ 20. Kg2 Ng5+ 21. f3 Qh3+ 22. Kf2 Qh2+ 23. Ke1 Bxc3+ 24. bxc3 Nxf3+ 25. Kd1 Bxd5 26. Nf4 Be4 0-1

[Event "Gaia Profigaia op 6th"]
[Site "Vila Nova de Gaia"]
[Date "2013.07.11"]
[Round "8.13"]
[White "Andias, Joao Pedro Menezes"]
[Black "Freitas, Ruben Manuel"]
[Result "1-0"]
[WhiteElo "1977"]
[BlackElo "1492"]
[PlyCount "61"]
[EventDate "2013.07.06"]
[EventType "swiss"]
[EventRounds "9"]
[EventCountry "POR"]
[SourceTitle "EXT 2015"]
[Source "ChessBase"]
[SourceDate "2014.11.20"]
[SourceVersion "1"]
[SourceVersionDate "2014.11.20"]
[SourceQuality "1"]

1. e4 e6 2. d4 d5 3. Nc3 Bb4 4. e5 c5 5. a3 Bxc3+ 6. bxc3 c4 7. Nf3 Ne7 8. g3 Nbc6 9. Bh3 h6 10. 0-0 0-0 11. Nh4 Ng6 12. Ng2 Bd7 13. f4 f6 14. exf6 Rxf6 15. Re1 Qb6 16. Kh1 Qc7 17. Ne3 Raf8 18. Ng4 R6f7 19. a4 Re8 20. Ba3 Bc8 21. Qd2 a6 22. Re2 b5 23. axb5 axb5 24. Rae1 Nge7 25. Ne5 Nxe5 26. Rxe5 Nc6 27. Rxd5 Bb7 28. Kg1 exd5 29. Rxe8+ Kh7 30. Qe2 Qa5 31. Qe6 1-0

[Event "Gaia Profigaia op 6th"]
[Site "Vila Nova de Gaia"]
[Date "2013.07.07"]
[Round "4.11"]
[White "Andias, Joao Pedro Menezes"]
[Black "Mendes, Antonio Adalberto D"]
[Result "1-0"]
[WhiteElo "1977"]
[BlackElo "1603"]
[PlyCount "95"]
[EventDate "2013.07.06"]
[EventType "swiss"]
[EventRounds "9"]
[EventCountry "POR"]
[SourceTitle "EXT 2015"]
[Source "ChessBase"]
[SourceDate "2014.11.20"]
[SourceVersion "1"]
[SourceVersionDate "2014.11.20"]
[SourceQuality "1"]

1. e4 e5 2. Nf3 Nc6 3. Bb5 a6 4. Ba4 b5 5. Bb3 Be7 6. 0-0 Nf6 7. d3 0-0 8. Nc3 d6 9. h3 Na5 10. Ne2 c5 11. c3 c4 12. Bc2 cxd3 13. Qxd3 Bb7 14. Ng3 Nc4 15. Re1 Nb6 16. Nf5 Qc7 17. Qe3 Nc8 18. N3h4 Kh8 19. Qg3 g6 20. Nxe7 Nxe7 21. Bh6 Rfe8 22. Qf3 Neg8 23. Bg5 Nh5 24. g4 f6 25. Be3 Ng7 26. Qg3 Bc6 27. Nxg6+ hxg6 28. Qh4+ Nh5 29. gxh5 Qh7 30. Kh2 g5 31. Qg4 Re7 32. Red1 Rd8 33. Rd2 Be8 34. Bd1 Qh6 35. Bf3 Rh7 36. Rad1 Bxh5 37. Qxh5 Qxh5 38. Bxh5 Rxh5 39. Rxd6 Rxd6 40. Rxd6 g4 41. Rxa6 Rxh3+ 42. Kg2 Kg7 43. Rb6 Ne7 44. Rb7 Kf8 45. Bc5 Rh7 46. Rxe7 Rxe7 47. Bxe7+ Kxe7 48. Kg3 1-0